The noble scholar, jurist, historian


 His Excellency Dr. Abdul Wahhab bin Ibrahim Abu Sulaiman, may Allah have mercy on him.


 He was born in Umm Al-Qura in the year 1356 AH.

دليل مشاركات الجهات الحكومية بمناسبة مرور مائة عام على تأسيس المملكة العربية السعودية / (Record no. 10478)

MARC details
000 -LEADER
fixed length control field 01833cam a22003011i 4500
003 - CONTROL NUMBER IDENTIFIER
control field SA-RiAUC
005 - DATE AND TIME OF LATEST TRANSACTION
control field 20250803062030.0
008 - FIXED-LENGTH DATA ELEMENTS--GENERAL INFORMATION
fixed length control field 250721s1999 su g f010 0 ara c
040 ## - CATALOGING SOURCE
Original cataloging agency SA-RiSAMA
Language of cataloging ara
Transcribing agency SA-RiAUC
Description conventions rda
043 ## - GEOGRAPHIC AREA CODE
Geographic area code a-su---
050 #4 - LIBRARY OF CONGRESS CALL NUMBER
Item number .S28 1999
082 04 - DEWEY DECIMAL CLASSIFICATION NUMBER
Classification number 953.1025
Assigning agency SA-RiAUC
090 ## - LOCALLY ASSIGNED LC-TYPE CALL NUMBER (OCLC); LOCAL CALL NUMBER (RLIN)
Classification number (OCLC) (R) ; Classification number, CALL (RLIN) (NR) 953.1025
Local cutter number (OCLC) ; Book number/undivided call number, CALL (RLIN) س ع و
110 1# - MAIN ENTRY--CORPORATE NAME
Corporate name or jurisdiction name as entry element السعودية.
Subordinate unit الأمانة العامة للاحتفال بمرور مائة عام على تأسيس المملكة
Relator term مؤلف.
245 10 - TITLE STATEMENT
Title دليل مشاركات الجهات الحكومية بمناسبة مرور مائة عام على تأسيس المملكة العربية السعودية /
Statement of responsibility, etc. الأمانة العامة للاحتفال بمرور مائة عام على تأسيس المملكة العربية السعودية.
246 3# - VARYING FORM OF TITLE
Title proper/short title دليل مشاركات الجهات الحكومية بمناسبة مرور مئة عام على تأسيس المملكة العربية السعودية
246 3# - VARYING FORM OF TITLE
Title proper/short title دليل مشاركات الجهات الحكومية بمناسبة مرور 100 عام على تأسيس المملكة العربية السعودية
264 #1 - PRODUCTION, PUBLICATION, DISTRIBUTION, MANUFACTURE, AND COPYRIGHT NOTICE
Place of production, publication, distribution, manufacture الرياض :
Name of producer, publisher, distributor, manufacturer الأمانة العامة للاحتفال بمرور مائة عام على تأسيس المملكة العربية السعودية،
Date of production, publication, distribution, manufacture, or copyright notice 1999
300 ## - PHYSICAL DESCRIPTION
Extent 144 صفحة ؛
Dimensions 24 سم.
336 ## - CONTENT TYPE
Content type term نص
Content type code txt
Source rdacontent
Materials specified كتاب
337 ## - MEDIA TYPE
Media type term بدون وسيط
Media type code n
Source rdamedia
338 ## - CARRIER TYPE
Carrier type term مجلد
Carrier type code nc
Source rdacarrier
490 1# - SERIES STATEMENT
Series statement مطبوعات دارة الملك عبد العزيز.
-- المجموعة السعودية
651 #7 - SUBJECT ADDED ENTRY--GEOGRAPHIC NAME
Geographic name السعودية
General subdivision تاريخ
Form subdivision أدلة
Source of heading or term aucsh
830 #2 - SERIES ADDED ENTRY--UNIFORM TITLE
Uniform title إصدارات الدارة.
Name of part/section of a work المجموعة السعودية
942 ## - ADDED ENTRY ELEMENTS (KOHA)
Source of classification or shelving scheme Dewey Decimal Classification
Koha item type Books
Suppress in OPAC No
949 ## - LOCAL PROCESSING INFORMATION (OCLC)
a SA-JeALM
d 250721
u mohamedma123
n 1
Holdings
Withdrawn status Lost status Source of classification or shelving scheme Damaged status Not for loan Home library Current library Date acquired Total checkouts Full call number Barcode Date last seen Price effective from Koha item type
    Dewey Decimal Classification     DR AbdElwahab Library DR AbdElwahab Library 08/03/2025   953.1025 س ع و 000017036 08/03/2025 08/03/2025 Books